Directors of DiCaprio Quiz Stats

 Plays Quiz not verified by Sporcle

Score 0/16 Timer 04:00
0 Plays Today
% Correct
Martin Scorsese
95.7%
James Cameron
94.4%
Steven Spielberg
92.4%
Quentin Tarantino
90.7%
Clint Eastwood
89%
Woody Allen
87.3%
Christopher Nolan
79.3%
Danny Boyle
63.5%
% Correct
Ridley Scott
58.1%
Sam Mendes
51.6%
Baz Luhrmann
45.1%
Sam Raimi
32.2%
Edward Zwick
25.8%
Lasse Hallström
22.7%
Michael Caton-Jones
9.3%
Randall Wallace
6.9%

You're not logged in!

Compare scores with friends on all Sporcle quizzes.
OR
Log In

Show Comments

Extras

Top Quizzes Today


Score Distribution

Your Account Isn't Verified!

In order to create a playlist on Sporcle, you need to verify the email address you used during registration. Go to your Sporcle Settings to finish the process.

Report this User

Report this user for behavior that violates our Community Guidelines.

Details: